书目信息 |
| 题名: |
图案·装饰·设计
|
|
| 作者: | 孙晔 , 方佳蕾 , 张竞琼 编著 | |
| 分册: | ||
| 出版信息: | 上海 东华大学出版社 2007.10 |
|
| 页数: | 116页 | |
| 开本: | 29cm | |
| 丛书名: | ||
| 单 册: | ||
| 中图分类: | TS941.2-64 | |
| 科图分类: | ||
| 主题词: | 服装--fu zhuang--设计--图集 | |
| 电子资源: | ||
| ISBN: | 978-7-81111-145-3 | |
| 000 | 00984nam0 2200265 450 | |
| 001 | 012008622681 | |
| 005 | 20080510104511.18 | |
| 010 | @a978-7-81111-145-3@dCNY32.00 | |
| 100 | @a20080510d2007 em y0chiy0120 ea | |
| 101 | 0 | @achi |
| 102 | @aCN@b310000 | |
| 105 | @ay z 000yy | |
| 106 | @ar | |
| 200 | 1 | @a图案·装饰·设计@Atu an·zhuang shi·she ji@f孙晔, 方佳蕾, 张竞琼编著@Fsun ye,fang jia lei,zhang jing qiong bian zhu |
| 205 | @a第2版 | |
| 210 | @a上海@c东华大学出版社@d2007.10 | |
| 215 | @a116页@d29cm | |
| 330 | @a本书阐述了图案的概念、类型、素材、造型技法和色彩技法。介绍了图案在环境艺术、视觉传达、纺织品与服饰设计领域的应用实例,是一本独创性地将图案理论、表现手法与应用实例综合起来表达的教科书。 | |
| 606 | 0 | @a服装@Afu zhuang@x设计@j图集 |
| 690 | @aTS941.2-64@v4 | |
| 701 | 0 | @a孙晔@Asun ye@4编著 |
| 701 | 0 | @a方佳蕾@Afang jia lei@4编著 |
| 701 | 0 | @a张竞琼@Azhang jing qiong@4编著 |
| 801 | 0 | @aCN@bQSSK@c20080510 |
| 905 | @b709687-89@dTS941.2-64@eS971@f3 | |
| 图案·装饰·设计/孙晔, 方佳蕾, 张竞琼编著.-第2版.-上海:东华大学出版社,2007.10 |
| 116页;29cm |
| ISBN 978-7-81111-145-3:CNY32.00 |
| 本书阐述了图案的概念、类型、素材、造型技法和色彩技法。介绍了图案在环境艺术、视觉传达、纺织品与服饰设计领域的应用实例,是一本独创性地将图案理论、表现手法与应用实例综合起来表达的教科书。 |
| ● |
| 相关链接 |
|
|
|
正题名:图案·装饰·设计
索取号:TS941.2-64/S971
 
预约/预借
| 序号 | 登录号 | 条形码 | 馆藏地/架位号 | 状态 | 备注 |
| 1 | 709687 | 207096872 | 自科库501/501自科库 73排2列4层/ [索取号:TS941.2-64/S971] | 在馆 | |
| 2 | 709688 | 207096881 | 自科库501/501自科库 73排2列4层/ [索取号:TS941.2-64/S971] | 在馆 | |
| 3 | 709689 | 207096890 | 自科库501/501自科库 73排2列4层/ [索取号:TS941.2-64/S971] | 在馆 |